000 00417nam a2200169 a 4500
001 1766566528516
003 YourLibrary
005 20251226115022.0
008 251224s1998##################000#0#eng##
020 _a9780140447279
082 0 4 _a270.2
_bWEB
245 1 0 _aThe Age of Bede :
260 _bPenguin Classics,
_c1998.
650 0 _aReligion.
942 _cENGLISH
040 _aYourLibrary
_beng
_cYourLibrary
999 _c604751
_d604751